[Event "Pszczyna op"]
[Site "Pszczyna"]
[Date "2009.07.19"]
[Round "9"]
[White "Karcz, Bartlomiej"]
[Black "Kasprzyk, Tomasz"]
[Result "1/2-1/2"]
[WhiteElo "1836"]
[BlackElo "2087"]
[PlyCount "122"]
[EventDate "2009.07.14"]
[EventType "swiss"]
[EventRounds "9"]
[EventCountry "POL"]
[SourceTitle "CBM 131 Extra"]
[Source "ChessBase"]
[SourceDate "2009.09.03"]
[SourceVersion "2"]
[SourceVersionDate "2009.09.16"]
[SourceQuality "1"]

1. e4 c5 2. Nf3 d6 3. Nc3 Nf6 4. Bc4 e6 5. 0-0 Be7 6. d4 cxd4 7. Nxd4 0-0 8. Be3 a6 9. a4 Qc7 10. Bb3 b6 11. f4 Nc6 12. Qf3 Na5 13. Rae1 Nxb3 14. Nxb3 Bb7 15. Nd2 Nd7 16. Qg3 d5 17. exd5 exd5 18. Nf3 Bf6 19. Nd4 Nc5 20. Nf5 Ne4 21. Nxe4 dxe4 22. c3 Kh8 23. Bd4 Bxd4+ 24. cxd4 g6 25. Ne3 f5 26. Rc1 Qd7 27. Rfd1 Rac8 28. Nc4 Qxa4 29. b3 Qc6 30. Qe3 Qf6 31. Ne5 Rxc1 32. Rxc1 Qd6 33. Qc3 Kg8 34. Qc4+ Qd5 35. Qxd5+ Bxd5 36. Nd7 Rd8 37. Nxb6 Bxb3 38. d5 a5 39. Kf2 a4 40. Ke3 a3 41. Kd4 a2 42. Ra1 Kf7 43. Kc3 Bxd5 44. Nxd5 Rxd5 45. Rxa2 Ke6 46. Ra7 Rd3+ 47. Kc2 Rd7 48. Ra6+ Kd5 49. Kd2 Kc4+ 50. Ke2 Rb7 51. Rc6+ Kd4 52. Rd6+ Kc3 53. Rc6+ Kb2 54. h3 Kb1 55. g4 Rb2+ 56. Ke1 fxg4 57. hxg4 Rg2 58. g5 Rg4 59. Rf6 Kc2 60. Ke2 Rg3 61. Re6 e3 1/2-1/2

[Event "Pszczyna op"]
[Site "Pszczyna"]
[Date "2009.07.18"]
[Round "8"]
[White "Kasprzyk, Tomasz"]
[Black "Pipala, Janusz"]
[Result "1-0"]
[WhiteElo "2087"]
[BlackElo "1977"]
[PlyCount "29"]
[EventDate "2009.07.14"]
[EventType "swiss"]
[EventRounds "9"]
[EventCountry "POL"]
[SourceTitle "CBM 131 Extra"]
[Source "ChessBase"]
[SourceDate "2009.09.03"]
[SourceVersion "2"]
[SourceVersionDate "2009.09.16"]
[SourceQuality "1"]

1. c4 e6 2. Nf3 f5 3. g3 b6 4. Bg2 Bb7 5. 0-0 Nf6 6. d3 Be7 7. Nc3 0-0 8. Re1 d6 9. e4 fxe4 10. Nd4 Re8 11. Nxe6 Qc8 12. Bh3 exd3 13. Ng5 Qd8 14. Be6+ Kf8 15. Qh5 1-0

[Event "Pszczyna op"]
[Site "Pszczyna"]
[Date "2009.07.17"]
[Round "6"]
[White "Kasprzyk, Tomasz"]
[Black "Kalinin, Oleg"]
[Result "0-1"]
[WhiteElo "2087"]
[BlackElo "2373"]
[PlyCount "52"]
[EventDate "2009.07.14"]
[EventType "swiss"]
[EventRounds "9"]
[EventCountry "POL"]
[SourceTitle "CBM 131 Extra"]
[Source "ChessBase"]
[SourceDate "2009.09.03"]
[SourceVersion "2"]
[SourceVersionDate "2009.09.16"]
[SourceQuality "1"]

1. Nf3 c5 2. c4 g6 3. g3 Bg7 4. Bg2 Nc6 5. d3 e6 6. 0-0 Nge7 7. a3 0-0 8. Ra2 b6 9. b3 d5 10. Bb2 d4 11. e3 Rb8 12. e4 e5 13. Bc1 b5 14. Bd2 a5 15. Rc2 Qd6 16. Qc1 bxc4 17. bxc4 Bd7 18. Rb2 Rxb2 19. Qxb2 Rb8 20. Qa2 a4 21. Rc1 Rb3 22. Bf1 Qb8 23. Be1 Rb2 24. Qa1 Bg4 25. Nfd2 Bh6 26. h3 Bf3 0-1

[Event "Pszczyna op"]
[Site "Pszczyna"]
[Date "2009.07.16"]
[Round "4"]
[White "Kasprzyk, Tomasz"]
[Black "Fraczek, Leslaw"]
[Result "1-0"]
[WhiteElo "2087"]
[BlackElo "1908"]
[PlyCount "74"]
[EventDate "2009.07.14"]
[EventType "swiss"]
[EventRounds "9"]
[EventCountry "POL"]
[SourceTitle "CBM 131 Extra"]
[Source "ChessBase"]
[SourceDate "2009.09.03"]
[SourceVersion "2"]
[SourceVersionDate "2009.09.16"]
[SourceQuality "1"]

1. c4 Nf6 2. Nf3 c6 3. g3 d5 4. b3 g6 5. Bb2 Bg7 6. Bg2 0-0 7. 0-0 Re8 8. d3 Nbd7 9. cxd5 cxd5 10. Nbd2 e5 11. Qc2 b6 12. Rfc1 Ba6 13. b4 Qe7 14. Qa4 Bb7 15. Rc7 Reb8 16. Bxe5 b5 17. Qxb5 Bc8 18. Qa5 Ne8 19. Bxg7 Nxc7 20. Bh6 Nb6 21. Bf4 Rb7 22. Rc1 Ne6 23. Be3 Rc7 24. Rb1 Rb8 25. Nb3 Rc2 26. Nbd4 Rc3 27. Bd2 Rc7 28. Nxe6 Bxe6 29. Bf4 Rbc8 30. Bxc7 Rxc7 31. Nd4 Qd7 32. b5 Qc8 33. Nc6 Qb7 34. Qb4 Nd7 35. a4 Nb8 36. Nd4 Qc8 37. Qb2 Rc3 1-0

[Event "Pszczyna op"]
[Site "Pszczyna"]
[Date "2009.07.14"]
[Round "2"]
[White "Kasprzyk, Tomasz"]
[Black "Walach, Marcin"]
[Result "0-1"]
[WhiteElo "2087"]
[BlackElo "2384"]
[PlyCount "50"]
[EventDate "2009.07.14"]
[EventType "swiss"]
[EventRounds "9"]
[EventCountry "POL"]
[SourceTitle "CBM 131 Extra"]
[Source "ChessBase"]
[SourceDate "2009.09.03"]
[SourceVersion "2"]
[SourceVersionDate "2009.09.16"]
[SourceQuality "1"]

1. Nf3 c5 2. c4 Nc6 3. g3 g6 4. Bg2 Bg7 5. 0-0 d6 6. d3 e5 7. Nc3 Nge7 8. Rb1 0-0 9. a3 f5 10. Nd2 a5 11. e3 Be6 12. Nd5 Rb8 13. b3 b5 14. Bb2 b4 15. a4 Rc8 16. f4 Qe8 17. Qe2 Qf7 18. Nxe7+ Qxe7 19. Rbe1 Qd7 20. Nf3 h6 21. Rf2 Kh7 22. Rd1 Bg8 23. Kh1 Rfe8 24. Re1 Re7 25. Ng1 Rce8 0-1

[Event "Wisla op"]
[Site "Wisla"]
[Date "2009.05.05"]
[Round "2"]
[White "Wajda, Mariusz"]
[Black "Kasprzyk, Tomasz"]
[Result "0-1"]
[WhiteElo "1919"]
[BlackElo "2087"]
[PlyCount "51"]
[EventDate "2009.05.04"]
[EventType "swiss"]
[EventRounds "11"]
[EventCountry "POL"]
[SourceTitle "EXT 2012"]
[Source "ChessBase"]
[SourceDate "2011.11.24"]
[SourceVersion "1"]
[SourceVersionDate "2011.11.24"]
[SourceQuality "1"]

1. e4 c5 2. Nf3 d6 3. d4 cxd4 4. Nxd4 Nf6 5. Nc3 Nc6 6. Be2 e5 7. Nf3 h6 8. 0-0 Be7 9. h3 0-0 10. Be3 Be6 11. Qd2 Re8 12. Rad1 Bd7 13. Qc1 a6 14. Nh2 b5 15. a3 Qb8 16. Ng4 Nh7 17. f4 exf4 18. Rxf4 Ne5 19. Rdf1 h5 20. Nxe5 dxe5 21. R4f2 Nf6 22. Nd5 Qb7 23. Nxf6+ Bxf6 24. Rf3 Rac8 25. Bd3 Rc6 26. Qe1 0-1

[Event "POL-chT3 Liga Slaska"]
[Site "Poland"]
[Date "2007.05.12"]
[Round "7"]
[White "Kasprzyk, Tomasz"]
[Black "Sroka, Janusz"]
[Result "0-1"]
[WhiteElo "2044"]
[BlackElo "2110"]
[PlyCount "112"]
[EventDate "2007.01.28"]
[EventType "team-swiss"]
[EventRounds "9"]
[EventCountry "POL"]
[SourceTitle "EXT 2011"]
[Source "ChessBase"]
[SourceDate "2010.11.26"]
[SourceVersion "1"]
[SourceVersionDate "2010.11.26"]
[SourceQuality "1"]
[WhiteTeam "Ruda Slaska KS DORS"]
[BlackTeam "Gliwice Roszada Fluor"]
[WhiteTeamCountry "POL"]
[BlackTeamCountry "POL"]

1. c4 e5 2. g3 f5 3. Bg2 Nf6 4. Nf3 d6 5. 0-0 g6 6. Nc3 Bg7 7. d3 0-0 8. Rb1 a5 9. a3 Nc6 10. b4 axb4 11. axb4 h6 12. b5 Ne7 13. Qb3 Be6 14. Nd2 c6 15. Ba3 Qd7 16. Ra1 c5 17. Nd5 Bxd5 18. cxd5 Kh7 19. e4 f4 20. gxf4 Nh5 21. f5 Nf4 22. Bf3 gxf5 23. Kh1 Neg6 24. Bb2 Rxa1 25. Bxa1 Nh3 26. exf5 Qxf5 27. Qc4 h5 28. Qe4 Qg5 29. Qe3 Qh4 30. Ne4 Bh6 31. Qe2 Ngf4 32. Qd1 Rg8 33. Ng3 Nxf2+ 34. Rxf2 Rxg3 35. Be4+ Kg8 36. Bc3 Nh3 37. Rf1 Rg7 38. Qf3 Bf4 39. Be1 Qg4 40. Qxg4 hxg4 41. Bf5 b6 42. Be6+ Kf8 43. Kg2 Ra7 44. Bg3 Ra2+ 45. Kh1 Ke7 46. Bh4+ Ke8 47. Bg3 Bxg3 48. hxg3 Rb2 49. Bf5 Ke7 50. Be6 Nf2+ 51. Kg1 Nxd3 52. Rf7+ Ke8 53. Rb7 Rb1+ 54. Kh2 c4 55. Rxb6 c3 56. Rc6 Rb2+ 0-1

[Event "POL-chT3 Liga Slaska"]
[Site "Poland"]
[Date "2007.01.28"]
[Round "2"]
[White "Kasprzyk, Tomasz"]
[Black "Kielar, Maciej"]
[Result "0-1"]
[WhiteElo "2044"]
[BlackElo "1940"]
[PlyCount "52"]
[EventDate "2007.01.28"]
[EventType "team-swiss"]
[EventRounds "9"]
[EventCountry "POL"]
[SourceTitle "EXT 2011"]
[Source "ChessBase"]
[SourceDate "2010.11.26"]
[SourceVersion "1"]
[SourceVersionDate "2010.11.26"]
[SourceQuality "1"]
[WhiteTeam "Ruda Slaska KS DORS"]
[BlackTeam "Katowice UKS Palac Mlodziezy"]
[WhiteTeamCountry "POL"]
[BlackTeamCountry "POL"]

1. Nf3 g6 2. g3 Bg7 3. Bg2 e5 4. d4 e4 5. Ng5 d5 6. c4 h6 7. Nh3 dxc4 8. e3 c5 9. Qa4+ Nc6 10. dxc5 Bg4 11. Nd2 Nf6 12. Nxc4 0-0 13. Nd6 Ne5 14. 0-0 Be2 15. Nxe4 Nxe4 16. Qxe4 Bxf1 17. Bxf1 Qd1 18. Nf4 Rfe8 19. Qd5 Qc2 20. Be2 Rad8 21. Qb3 Qe4 22. Ng2 Nf3+ 23. Kh1 Ne1 24. Bf1 Nc2 25. f3 Qxf3 26. Bd2 Nxa1 0-1

[Event "POL-chT 58th 2nd League"]
[Site "Wisla"]
[Date "2002.??.??"]
[Round "?"]
[White "Kasprzyk, Tomasz"]
[Black "Jurek, Pawel"]
[Result "0-1"]
[WhiteElo "2152"]
[BlackElo "2213"]
[PlyCount "31"]
[EventDate "2002.08.30"]
[EventType "team-swiss"]
[EventRounds "11"]
[EventCountry "POL"]
[SourceTitle "EXT 2019"]
[Source "ChessBase"]
[SourceDate "2018.10.10"]
[SourceVersion "1"]
[SourceVersionDate "2018.10.10"]
[SourceQuality "1"]

1. c4 Nf6 2. Nf3 g6 3. g3 Bg7 4. Bg2 0-0 5. 0-0 d5 6. cxd5 Nxd5 7. Nc3 Nb6 8. d3 Nc6 9. Be3 e5 10. Rc1 Nd4 11. Na4 c6 12. Nc5 Qe7 13. Nb3 Rd8 14. Qd2 Nxb3 15. axb3 e4 16. Ne1 0-1

[Event "POL-chT2 South"]
[Site "Ustron"]
[Date "2001.09.??"]
[Round "?"]
[White "Kasprzyk, Tomasz"]
[Black "Piskorz, Henryk"]
[Result "1/2-1/2"]
[WhiteElo "2082"]
[BlackElo "2159"]
[PlyCount "92"]
[EventDate "2001.09.14"]
[EventType "team-swiss"]
[EventRounds "10"]
[EventCountry "POL"]
[SourceTitle "EXT 2019"]
[Source "ChessBase"]
[SourceDate "2018.10.10"]
[SourceVersion "1"]
[SourceVersionDate "2018.10.10"]
[SourceQuality "1"]

1. c4 e5 2. g3 f5 3. Bg2 Nf6 4. Nc3 Nc6 5. e3 d6 6. d3 Be7 7. Nge2 0-0 8. 0-0 Qe8 9. Rb1 Qh5 10. f4 Ng4 11. h3 Nf6 12. Kh2 g5 13. Ng1 exf4 14. gxf4 g4 15. Bd2 Rf7 16. Nd5 Bd8 17. Bc3 Ne8 18. Ne2 Ne7 19. Nxe7+ Rxe7 20. Ng3 Qh4 21. Qe1 Qh6 22. Rh1 c6 23. Qf2 Ng7 24. Kg1 Qg6 25. hxg4 Qxg4 26. Bf3 Qg6 27. Kf1 Bb6 28. Re1 Bd7 29. Nh5 Nxh5 30. Rg1 Nxf4 31. Rxg6+ Nxg6 32. d4 Be6 33. b3 d5 34. cxd5 Bxd5 35. Bb4 Rd7 36. Ke2 Re8 37. Bxd5+ Rxd5 38. Kf1 a5 39. Ba3 Bd8 40. Qf3 Re4 41. Re2 Bg5 42. Bc1 h6 43. Rc2 Be7 44. Qg3 Kg7 45. Qc7 f4 46. exf4 Nxf4 1/2-1/2

[Event "POL-chT2 South"]
[Site "Ustron"]
[Date "2001.09.??"]
[Round "?"]
[White "Kasprzyk, Tomasz"]
[Black "Prochownik, Franciszek"]
[Result "1-0"]
[WhiteElo "2082"]
[BlackElo "2189"]
[PlyCount "96"]
[EventDate "2001.09.14"]
[EventType "team-swiss"]
[EventRounds "10"]
[EventCountry "POL"]
[SourceTitle "EXT 2019"]
[Source "ChessBase"]
[SourceDate "2018.10.10"]
[SourceVersion "1"]
[SourceVersionDate "2018.10.10"]
[SourceQuality "1"]

1. c4 e5 2. g3 Nc6 3. Bg2 Nf6 4. Nc3 Bc5 5. e3 d6 6. a3 a5 7. d3 0-0 8. Nge2 Re8 9. 0-0 Ba7 10. Rb1 Bf5 11. b4 axb4 12. axb4 Qd7 13. Re1 Nd8 14. Nd5 Nxd5 15. cxd5 Bb6 16. Nc3 f6 17. Qc2 Nf7 18. Bb2 Bg4 19. h4 g5 20. Ne4 Kg7 21. hxg5 Nxg5 22. Nxg5 fxg5 23. Be4 Bf5 24. d4 Bxe4 25. Qxe4 exd4 26. Bxd4+ Kg8 27. Qd3 Bxd4 28. Qxd4 Rf8 29. Ra1 Qf7 30. e4 Rae8 31. Ra7 b6 32. Rc1 Re7 33. Qe3 h6 34. Kg2 Rfe8 35. Qf3 c5 36. Qxf7+ Rxf7 37. Rxf7 Kxf7 38. bxc5 bxc5 39. Kf3 h5 40. Rh1 Rh8 41. Ke3 g4 42. f3 gxf3 43. Kxf3 Kg6 44. e5 Rf8+ 45. Ke4 Re8 46. e6 Ra8 47. Re1 Ra7 48. Kf4 Re7 1-0

[Event "POL-chT2 South"]
[Site "Ustron"]
[Date "2001.09.??"]
[Round "?"]
[White "Tekielak, Sebastian"]
[Black "Kasprzyk, Tomasz"]
[Result "0-1"]
[WhiteElo "2206"]
[BlackElo "2082"]
[PlyCount "24"]
[EventDate "2001.09.14"]
[EventType "team-swiss"]
[EventRounds "10"]
[EventCountry "POL"]
[SourceTitle "EXT 2019"]
[Source "ChessBase"]
[SourceDate "2018.10.10"]
[SourceVersion "1"]
[SourceVersionDate "2018.10.10"]
[SourceQuality "1"]

1. Nf3 d6 2. g3 g6 3. Bg2 Bg7 4. 0-0 Nf6 5. d3 0-0 6. Nbd2 Nc6 7. c3 Rb8 8. e4 Bd7 9. Ne1 Qc8 10. f4 Bh3 11. Nef3 Bxg2 12. Kxg2 Nh5 0-1

[Event "POL-chT Region"]
[Site "Poland"]
[Date "1999.??.??"]
[Round "?"]
[White "Juroszek, Tadeusz"]
[Black "Kasprzyk, Tomasz"]
[Result "1-0"]
[WhiteElo "2366"]
[BlackElo "2197"]
[PlyCount "44"]
[EventDate "1999.??.??"]
[EventType "team"]
[EventRounds "13"]
[EventCountry "POL"]
[SourceTitle "EXT 2002"]
[Source "ChessBase"]
[SourceDate "2001.11.25"]
[SourceVersion "1"]
[SourceVersionDate "2001.11.25"]
[SourceQuality "1"]

1. Nf3 Nf6 2. c4 g6 3. b4 a5 4. b5 c6 5. e3 Bg7 6. Be2 0-0 7. Bb2 d6 8. d3 Nbd7 9. Nbd2 c5 10. d4 Qc7 11. 0-0 Re8 12. Qc2 e5 13. Rfe1 cxd4 14. exd4 e4 15. Ng5 d5 16. Rac1 Nf8 17. Qc3 Qf4 18. Qe3 Qh4 19. g3 Qh6 20. Nf1 Bg4 21. Bxg4 Nxg4 22. Qf4 Qh5 1-0

[Event "POL-chT 2nd League South"]
[Site "Wisla"]
[Date "1998.??.??"]
[Round "?"]
[White "Kasprzyk, Tomasz"]
[Black "Kubien, Jerzy"]
[Result "1-0"]
[WhiteElo "2215"]
[BlackElo "2280"]
[PlyCount "100"]
[EventDate "1998.11.20"]
[EventType "team-swiss"]
[EventRounds "10"]
[EventCountry "POL"]
[SourceTitle "EXT 2000"]
[Source "ChessBase"]
[SourceDate "1999.11.16"]
[SourceVersion "1"]
[SourceVersionDate "1999.11.16"]
[SourceQuality "1"]

1. c4 e5 2. g3 Nf6 3. Bg2 d5 4. cxd5 Nxd5 5. Nc3 Nb6 6. Nf3 Nc6 7. 0-0 Be7 8. d3 0-0 9. Bd2 Be6 10. Qc1 h6 11. Ne4 Nd7 12. Be3 Re8 13. Rd1 Bf8 14. Rd2 Nb4 15. a3 Nd5 16. Bc5 Nxc5 17. Nxc5 Bc8 18. e4 Nf6 19. d4 exd4 20. Nxd4 Bxc5 21. Qxc5 Nxe4 22. Bxe4 Rxe4 23. Ne6 Bxe6 24. Rxd8+ Rxd8 25. Qxc7 Re8 26. Rd1 Bh3 27. f3 Re2 28. g4 h5 29. Rd8 hxg4 30. Qd7 Re1+ 31. Kf2 Rf1+ 32. Kg3 Rxf3+ 33. Kh4 Rxd8 34. Qxd8+ Kh7 35. Qd5 g6 36. Qe5 b6 37. a4 Rf5 38. Qe3 Kg8 39. b4 a5 40. b5 Rh5+ 41. Kg3 Rf5 42. Kh4 Kg7 43. Qd4+ f6 44. Qxb6 Kh6 45. Qe3+ g5+ 46. Kg3 Rf4 47. b6 Rb4 48. Qe6 Kg6 49. b7 Rf4 50. Qe8+ Kg7 1-0

[Event "POL-chT disctrict"]
[Site "Slask"]
[Date "1996.??.??"]
[Round "?"]
[White "Banasik, Henryk"]
[Black "Kasprzyk, Tomasz"]
[Result "1/2-1/2"]
[WhiteElo "2170"]
[BlackElo "2105"]
[PlyCount "122"]
[EventDate "1996.??.??"]
[EventType "team"]
[EventRounds "12"]
[EventCountry "POL"]
[SourceTitle "EXT 2001"]
[Source "ChessBase"]
[SourceDate "2000.11.22"]
[SourceVersion "1"]
[SourceVersionDate "2000.11.22"]
[SourceQuality "1"]

1. e4 c5 2. Nf3 d6 3. d4 cxd4 4. Nxd4 Nf6 5. Nc3 Nc6 6. Bg5 e6 7. Qd2 a6 8. 0-0-0 Bd7 9. Nb3 h6 10. Bxf6 Qxf6 11. f4 Qd8 12. Be2 Be7 13. Kb1 Na5 14. Rhe1 Rc8 15. Nxa5 Qxa5 16. Bf3 Rc5 17. h4 Qc7 18. g3 b5 19. e5 dxe5 20. Rxe5 Rxe5 21. fxe5 Bc6 22. Bxc6+ Qxc6 23. Ne4 0-0 24. Qf4 Rc8 25. c3 b4 26. Rf1 Rf8 27. cxb4 f5 28. exf6 Bxf6 29. Nxf6+ Rxf6 30. Qb8+ Kh7 31. Rxf6 Qe4+ 32. Kc1 Qc4+ 33. Kd2 Qd4+ 34. Ke1 Qxf6 35. Qd6 Qxb2 36. Qd3+ Kh8 37. a3 Qc1+ 38. Kf2 Qc6 39. g4 e5 40. g5 e4 41. Qd8+ Kh7 42. Ke3 hxg5 43. Qxg5 Qc3+ 44. Kxe4 Qxa3 45. Qh5+ Kg8 46. Qc5 g6 47. Kf4 Kh7 48. h5 gxh5 49. Qxh5+ Kg7 50. Qc5 Kf6 51. Qd6+ Kf7 52. Ke4 Qc3 53. Qd4 Qxd4+ 54. Kxd4 Ke6 55. Kc5 a5 56. bxa5 Kd7 57. Kb6 Kc8 58. Ka7 Kc7 59. a6 Kc8 60. Ka8 Kc7 61. a7 Kc8 1/2-1/2

[Event "POL-chT disctrict"]
[Site "Slask"]
[Date "1996.??.??"]
[Round "?"]
[White "Obierak, Wladyslaw"]
[Black "Kasprzyk, Tomasz"]
[Result "0-1"]
[WhiteElo "2105"]
[BlackElo "2105"]
[PlyCount "104"]
[EventDate "1996.??.??"]
[EventType "team"]
[EventRounds "12"]
[EventCountry "POL"]
[SourceTitle "EXT 2001"]
[Source "ChessBase"]
[SourceDate "2000.11.22"]
[SourceVersion "1"]
[SourceVersionDate "2000.11.22"]
[SourceQuality "1"]

1. d4 d6 2. e4 Nf6 3. Nc3 g6 4. Be2 Bg7 5. Be3 Nc6 6. f4 0-0 7. Bf3 e5 8. fxe5 dxe5 9. d5 Nd4 10. Qd2 Ng4 11. Bxg4 Bxg4 12. Nge2 Qh4+ 13. Bf2 Qf6 14. 0-0 Qb6 15. Nxd4 exd4 16. Ne2 c5 17. dxc6 bxc6 18. c3 dxc3 19. Nxc3 Qb4 20. h3 Be6 21. Rad1 a5 22. Be3 Rab8 23. Rf2 Rfe8 24. Bf4 Rb7 25. Bh6 Rd7 26. Qc1 Rxd1+ 27. Nxd1 Re7 28. Rf1 Bxh6 29. Qxh6 Qxe4 30. Nc3 Qe5 31. Kh1 Rd7 32. Qh4 Rd2 33. Ne4 Rd4 34. Nf6+ Kf8 35. Qh6+ Ke7 36. Qg7 Bc4 37. Ng8+ Kd6 38. Rf6+ Be6 39. Qf8+ Kc7 40. Rf1 Bc4 41. Rc1 Qe3 42. Rg1 Bd5 43. Qe7+ Qxe7 44. Nxe7 Bxa2 45. Ra1 Bd5 46. Rxa5 Be4 47. Ra7+ Kd6 48. Nc8+ Ke6 49. Re7+ Kf6 50. Kh2 Bd5 51. Re2 h5 52. g3 Rd1 0-1